000
00288nam a22001337a 4500
082
_a
894.812.3
_b
CHA/S
100
_a
CHATHANOOR,PRADEEP
245
_a
STAFF REPORTER
250
_a
FIRST
260
_a
KOLLAM
_b
SAINDHAVA BOOKS
_c
1998
300
_a
93
650
_a
STORY
_z
KERALA
942
_c
BK
999
_c
1818
_d
1818